Equality Governance via Policy Analysis? (Record no. 15975)
[ view plain ]
| 000 -LEADER | |
|---|---|
| fixed length control field | 00793nam a2200121Ia 4500 |
| 008 - FIXED-LENGTH DATA ELEMENTS--GENERAL INFORMATION | |
| fixed length control field | 220615s9999||||xx |||||||||||||| ||und|| |
| 100 ## - MAIN ENTRY--PERSONAL NAME | |
| Personal name | Sauer, Arn T. |
| 245 #0 - TITLE STATEMENT | |
| Title | Equality Governance via Policy Analysis? |
| Remainder of title | The Implementation of Gender Impact Assessment in the European Union and Gender-based Analysis in Canada |
| 546 ## - LANGUAGE NOTE | |
| Language note | English[eng] |
| 650 ## - SUBJECT ADDED ENTRY--TOPICAL TERM | |
| Topical term or geographic name entry element | Political Science||Gender Equality||Governance||Policy Analysis||Intersectionality||Gender Mainstreaming||Accountability||Gender||Politics||Law||Gender Studies||Policy||Administration||Political Science |
| 856 ## - ELECTRONIC LOCATION AND ACCESS | |
| Uniform Resource Identifier | <a href="https://library.oapen.org/bitstream/20.500.12657/26024/1/1004061.pdf||https://library.oapen.org/bitstream/20.500.12657/26024/1/1004061.pdf||https://library.oapen.org/bitstream/20.500.12657/26024/1/1004061.pdf">https://library.oapen.org/bitstream/20.500.12657/26024/1/1004061.pdf||https://library.oapen.org/bitstream/20.500.12657/26024/1/1004061.pdf||https://library.oapen.org/bitstream/20.500.12657/26024/1/1004061.pdf</a> |
| 942 ## - ADDED ENTRY ELEMENTS (KOHA) | |
| Koha item type | E-Books |
| Withdrawn status | Lost status | Damaged status | Not for loan | Home library | Current library | Date acquired | Total Checkouts | Date last seen | Price effective from | Koha item type |
|---|---|---|---|---|---|---|---|---|---|---|
| Kerala University of Digital Sciences, Innovation and Technology Knowledge Centre | Kerala University of Digital Sciences, Innovation and Technology Knowledge Centre | 15/06/2022 | 15/06/2022 | 15/06/2022 | E-Books |